Central Library OPAC University of Rajshahi

Land behind Baghdad : (Record no. 6967)

MARC details
000 -LEADER
fixed length control field 00926cam a22002651 4500
001 - CONTROL NUMBER
control field 6967
003 - CONTROL NUMBER IDENTIFIER
rucl marc code BD-RjUL
005 - DATE AND TIME OF LATEST TRANSACTION
control field 20211208234339.0
008 - FIXED-LENGTH DATA ELEMENTS--GENERAL INFORMATION
fixed length control field 140113s1965 iluabe b 000 0 eng
035 ## - SYSTEM CONTROL NUMBER
System control number (BD-RjUL)7009
System control number (OCoLC)487837
040 ## - CATALOGING SOURCE
Original cataloging agency DLC
Transcribing agency ODaWU
Modifying agency OCoLC
-- Uk
-- DLC
-- BD-RjUL
Language of cataloging eng
041 ## - LANGUAGE CODE
Language code of text/sound track or separate title eng
082 ## - DEWEY DECIMAL CLASSIFICATION NUMBER
Classification number 913.35
Author mark and year ADL 1965
100 1# - MAIN ENTRY--PERSONAL NAME
Personal name Adams, Robert McC.
Fuller form of name (Robert McCormick),
Dates associated with a name 1926-
9 (RLIN) 21847
245 10 - TITLE STATEMENT
Title Land behind Baghdad :
Remainder of title a history of settlement on the Diyala Plains /
Statement of responsibility, etc. Robert McC. Adams.
260 ## - PUBLICATION, DISTRIBUTION, ETC. (IMPRINT)
Place of publication, distribution, etc. Chicago :
Name of publisher, distributor, etc. University of Chicago Press ,
Date of publication, distribution, etc. c1965
300 ## - PHYSICAL DESCRIPTION
Pagination xvi, 187 p. :
Illustrations illus., maps (part col.) plans. ,
Size 30 cm.
504 ## - BIBLIOGRAPHY, ETC. NOTE
Bibliography, etc Bibliographical references in "References and notes": p. 167-183.
650 #0 - SUBJECT ADDED ENTRY--TOPICAL TERM
Topical term or geographic name as entry element Human geography
Geographic subdivision Iraq
-- Diyālá.
9 (RLIN) 21848
651 #0 - SUBJECT ADDED ENTRY--GEOGRAPHIC NAME
Geographic name Diyālá (Iraq)
General subdivision Antiquities.
9 (RLIN) 21849
942 ## - ADDED ENTRY ELEMENTS (KOHA)
Source of classification or shelving scheme Dewey Decimal Classification
Koha item type Books
Holdings
Lost status Source of classification or shelving scheme Damaged status Not for loan Collection code Permanent Location Current Location Shelving location Date acquired Source of acquisition Cost, normal purchase price Total Checkouts Full call number Date last seen Copy number Koha item type
  Dewey Decimal Classification   Not For Loan Non-fiction Central Library, University of Rajshahi Central Library, University of Rajshahi   27/10/1970 Swets + Zetlinger 76.00   913.35 ADL 1965 13/01/2014 C-1 Books